El cine polaco
Պահպանված է:
| Հիմնական հեղինակ: | |
|---|---|
| Ձևաչափ: | Գիրք |
| Լեզու: | իսպաներեն |
| Հրապարակվել է: |
Ciudad de México
UNAM
1962
|
| Շարք: | Cuadernos de Cine
|
| Խորագրեր: | |
| Ցուցիչներ: |
Ավելացրեք ցուցիչ
Չկան պիտակներ, Եղեք առաջինը, ով նշում է այս գրառումը!
|
MARC
| LEADER | 00000nam a2200000 a 4500 | ||
|---|---|---|---|
| 001 | UCU0125 | ||
| 003 | CL-VaPUC | ||
| 008 | 960315e19620000MX |||||||||||||||||spa|d | ||
| 082 | 0 | 4 | |a 791.4 |b CAR |2 21 |
| 100 | 0 | |a Cárdenas, Nancy |e author |9 355118 | |
| 245 | 1 | 3 | |a El cine polaco |
| 300 | |a 51 p | ||
| 942 | |c BK | ||
| 945 | |d 19960315 00:00:00 |a lriquelm | ||
| 260 | |a Ciudad de México |b UNAM |c 1962 | ||
| 650 | 0 | |a Cine |9 225706 | |
| 650 | 0 | |a Cinematografía |9 265198 | |
| 650 | 0 | |a Películas |9 335097 | |
| 651 | 7 | |a POLONIA |2 CL-VaPUC |9 321936 | |
| 583 | |a last modification |c 19960315 00:00:00 |k Rodrigo Vera | ||
| 490 | 0 | |a Cuadernos de Cine | |
| 999 | |c 245070 |d 245068 | ||
| 952 | |0 0 |1 0 |4 0 |6 791_400000000000000_CAR_1962 |7 0 |8 P |9 259445 |a BIBEDU |b BIBEDU |d 2019-11-19 |i 1631624 |o 791.4 CAR 1962 |p 1631624 |r 2019-11-19 |w 2019-11-19 |y BK |k EDU | ||